| 000 | 00799nam a22002297a 4500 | ||
|---|---|---|---|
| 005 | 2010061106036.0 | ||
| 008 | 100611t xxu||||| |||| 00| 0 eng d | ||
| 010 | _aENG-96338 | ||
| 020 |
_a9788120338432 _c295.00 |
||
| 035 | _aEN-79871 | ||
| 037 | _bDBAD/PUB | ||
| 040 |
_aDPL _bEng |
||
| 100 | _aDamodarasamy, S.R | ||
| 245 |
_aBasics of structural dynamics and aseismic design / _cby S.R. Damodarasamy and S. Kavitha |
||
| 260 |
_aNew Delhi _bPHI _c2009 |
||
| 270 |
_aM-97, Connaught Circus, _bNew Delhi _e110001 |
||
| 300 |
_axv, 320p. : _c24 cm. (Pbk) _bill. |
||
| 500 | _aincludes biblographical references and index | ||
| 700 | _aKavitha, S | ||
| 942 |
_2ddc _cEN _mDAM |
||
| 999 |
_c36697 _d36697 |
||